=LDR 00000nam 2200000 4500 =001 NUTBA000000000005944 =005 20141114083936.0 =006 =007 =008 =020 ##$$a 978-979-8844-61-4 =035 ##$$a 0010-111400000000423 =040 ##$$a NBPDMAT =082 ##$$a 581.6 =090 ##$$a 581.6 $b Kun t =100 ##$$a Kuncoro DM =245 ##$$a Tanaman yang mengandung zat pengganggu / $c Kuncoro DM =260 ##$$a Jakarta : $b Amalia, $c 2006 =300 ##$$a viii, 59 hlm. : $b ilus. ; $c 20 cm. =500 ##$$a Bibliografi : hlm. 59 =650 ##$$a Tanaman Beracun =850 ##$$a NBPDMAT